O homem holístico (Record no. 63835)

MARC details
000 -LÍDER
campo de controle de tamanho fixo 00331 a2200157 4500
001 - NÚMERO DE CONTROLE
campo de controle 63835
020 ## - ISBN - INTERNATIONAL STANDARD BOOK NUMBER
ISBN - International Standard Book Number 8532614590
040 ## - FONTE DA CATALOGAÇÃO
Instituição que transcreveu o registro Anchieta - Pituba
100 ## - ENTRADA PRINCIPAL--NOME PESSOAL
Nome pessoal Di Biase, Francisco
240 10 - TÍTULO UNIFORME
Título uniforme O homem holístico
Idioma da obra
245 10 - TÍTULO
Título O homem holístico
300 ## - DESCRIÇÃO FÍSICA
Extensão 204
362 0# - DATAS DE PUBLICAÇÃO E/OU DESIGNAÇÃO SEQUENCIAL
Datas de publicação e/ou designação sequencial 1995
650 #4 - ASSUNTO--TERMO TÓPICO
Cabeçalho tópico ou nome geográfico Psicologia
942 ## - ELEMENTOS DE ENTRADA ADICIONADOS (KOHA)
Tipo de material Koha Livros
Holdings
Situação do descarte Situação das perdas Situação física Não pode ser emprestado Biblioteca de origem Biblioteca atual Data de aquisição Total de empréstimos Número de chamada completo Código de barras Data de último acesso Data do preço efetivo Tipo de material Koha
        Colégio Anchieta - Pituba Colégio Anchieta - Pituba 21/11/2023   150 D544h DIB HOM 17431/PIT 21/11/2023 21/11/2023 Livros